Role of notch and related regulatory pathways in the maintenance and fate specification of adult neural progenitors (Record no. 758815)

MARC details
000 -LEADER
fixed length control field 00403nam a2200109 4500
084 ## - OTHER CLASSIFICATION NUMBER
Source of Number Colon Classification
Classification number F9G11:(L72:7)
100 ## - MAIN ENTRY--AUTHOR NAME
Personal name MEERA ,V
245 ## - TITLE STATEMENT
Title Role of notch and related regulatory pathways in the maintenance and fate specification of adult neural progenitors
260 ## - PUBLICATION, DISTRIBUTION, ETC. (IMPRINT)
Place of publication Thiruvananthapuram,
Name of publisher BRIC-RGCB, University of Kerala,
Year of publication 2025
942 ## - ADDED ENTRY ELEMENTS (KOHA)
Source of classification or shelving scheme Colon Classification
Koha item type Book
Holdings
Withdrawn status Lost status Source of classification or shelving scheme Damaged status Not for loan Collection code Home Library Current Location Shelving location Date acquired Full call number Accession Number Price effective from Koha item type
    Colon Classification     Reference Kerala University Library Kerala University Library Thesis 21/04/2026 F9G11:(L72:7) R5 (RT) G46445 21/04/2026 PhD Thesis